00776nam a2200217 a 450000100100000000500170001000800410002704000250006804100390009308200130013210000480014524000140019324500720020726000350027930000280031470000400034270000330038204900090041595201170042499900170054100002441920200930023151.0110127s1950 ru r 000 0 spa d aDO-SdBNPbspacBNPHU17aspahrus2Código de idiomas MARC ann*bnn*1 aKonev, Ivan Stepanovich,d1897-1973.95005614lEspañol13aEl año 45 /cI. S. Konev ; traducción de Joaquín Rodríguez. aMoscú :bProgreso,c[1950?]. a285 p. :bil. ;c21 cm.1 aRodríguez, Joaquín,etr.9500571 aWolfson, Leandro,etr.98683 aBNGR 001054708MOaGRbGRcCTd2011-01-27iLF1l0onn* nn*p24419-10r2020-06-25w2020-06-25y4ZPréstamo en sala c23912d23912